| 000 | 01969nam a2200481Ii 4500 | ||
|---|---|---|---|
| 001 | DIGXIAGT082 | ||
| 003 | NyNyDIG | ||
| 008 | 140901s2013 sp o 000 0 spa d | ||
| 006 | m o d | ||
| 007 | cr ||||||||||| | ||
| 020 |
_a9788416072194 _q(eBook) |
||
| 020 |
_z9788415472360 _q(Galaxia Gutenberg) |
||
| 020 |
_z8415472366 _q(Galaxia Gutenberg) |
||
| 020 |
_z9788467252057 _q(Círculo de Lectores) |
||
| 020 |
_z8467252057 _q(Círculo de Lectores) |
||
| 035 | _a(OCoLC)893649447 | ||
| 040 |
_aDGITA _beng _erda _epn _cDGITA |
||
| 041 | 1 |
_aspa _heng |
|
| 050 | 1 | 4 | _aB72 eBook |
| 100 | 1 |
_aWarburton, Nigel, _d1962- _eauthor. |
|
| 240 | 1 | 0 |
_aLittle history of philosophy. _lSpanish |
| 245 | 1 | 4 |
_aUna pequeña historia de la filosofía / _cNigel Warburton ; traducción de Aleix Montoto. |
| 250 | _aTercera edición. | ||
| 264 | 1 |
_aBarcelona : _bGalaxia Gutenberg : _bCírculo de Lectores, _c2013. |
|
| 300 |
_a1 online resource (269 pages) : _billustrations. |
||
| 336 |
_atext _btxt _2rdacontent |
||
| 337 |
_acomputer _bc _2rdamedia |
||
| 338 |
_aonline resource _bcr _2rdacarrier |
||
| 490 | 1 | _aSerie Ensayo | |
| 500 | _aTranslated from the English. A little history of philosophy. New Haven : Yale University Press, 2011. | ||
| 588 | 0 | _aOnline resource; title from ePub and PDF title page (Digitalia, viewed August 10, 2014) | |
| 650 | 0 |
_aPhilosophy _xHistory. |
|
| 650 | 0 | _aPhilosophers. | |
| 655 | 0 | _aElectronic books. | |
| 700 | 1 |
_aMontoto, Aleix, _etranslator. |
|
| 791 | 2 |
_aDigitalia (Firm), _edistributor. |
|
| 793 | 0 |
_gDigitalia eBook Collection: _aGalaxia Gutenberg. |
|
| 776 | 0 | 8 |
_iPrint version: _aWarburton, Nigel. _tPequeña historia de la filosofía. _dBarcelona : Galaxia Gutenberg : Círculo de Lectores, 2013. _z9788415472360 |
| 830 | 0 | _aSerie Ensayo (Galaxia Gutenberg (Firm)). | |
| 856 | 4 | 0 |
_3Digitalia Hispánica _uhttps://www.digitaliapublishing.com/a/28808/ |
| 910 | _aPremium Collection: 2014 | ||
| 942 | _cRAA | ||
| 999 |
_c239368 _d239368 |
||